000 00891nam a22001817a 4500
005 20250709155044.0
008 250709b |||||||| |||| 00| 0 eng d
020 _a978-8-953969-3-1(hbk)
037 _cTB
040 _aCRL
_cCRL
084 _aNW44 152R1
_qCRL
100 _aपारख, जवरीमल्ल
_9815332
245 _aहिन्दी सिनेमा में बदलते यथार्थ की अभिव्यक्ति: परिवार, समाज और राष्ट्र के सन्दर्भ में
260 _aदिल्ली, भारत:
_bनयी किताब प्रकाशन ,
_c2021.
365 _b500.00
_cINR
942 _2CC
_cTB
_hNW44 152R1
_n0
999 _c1433549
_d1433549